<?xml version="1.0" encoding="UTF-8"?>
<collection xmlns="http://www.loc.gov/MARC21/slim">
 <record>
  <leader>02056nam a22003137a 4500</leader>
  <controlfield tag="001">NCT_22519</controlfield>
  <controlfield tag="008">171122b        xxu||||| |||| 00| 0 vie d</controlfield>
  <datafield tag="999" ind1=" " ind2=" ">
   <subfield code="c">1065</subfield>
   <subfield code="d">1065</subfield>
  </datafield>
  <datafield tag="020" ind1=" " ind2=" ">
   <subfield code="c">18000</subfield>
  </datafield>
  <datafield tag="082" ind1="1" ind2="4">
   <subfield code="2">22nd ed.</subfield>
   <subfield code="a">005.8</subfield>
   <subfield code="b">Kh107</subfield>
  </datafield>
  <datafield tag="100" ind1="1" ind2="0">
   <subfield code="a">Bùi Doãn Khanh</subfield>
  </datafield>
  <datafield tag="245" ind1="1" ind2="0">
   <subfield code="a">Cơ sở lí thuyết số</subfield>
   <subfield code="b">trong an toàn - bảo mật thông tin</subfield>
   <subfield code="c">Bùi Doãn Khanh, Nguyễn Đình Thúc, Trần Đan Thư</subfield>
  </datafield>
  <datafield tag="260" ind1=" " ind2=" ">
   <subfield code="a">Hồ Chí Minh</subfield>
   <subfield code="b">Giáo Dục</subfield>
   <subfield code="c">2007</subfield>
  </datafield>
  <datafield tag="300" ind1=" " ind2=" ">
   <subfield code="a">74tr</subfield>
   <subfield code="c">24 cm</subfield>
  </datafield>
  <datafield tag="520" ind1=" " ind2=" ">
   <subfield code="a">Tài liệu trình bày một cách có hệ thống cơ sở lí thuyết số của mã hóa thông tin</subfield>
  </datafield>
  <datafield tag="653" ind1=" " ind2=" ">
   <subfield code="a">Lí thuyết số</subfield>
  </datafield>
  <datafield tag="655" ind1=" " ind2=" ">
   <subfield code="a">Công nghệ thông tin</subfield>
  </datafield>
  <datafield tag="700" ind1="1" ind2="0">
   <subfield code="a">Nguyễn Đình Thúc</subfield>
  </datafield>
  <datafield tag="700" ind1="1" ind2="0">
   <subfield code="a">Trần Đan Thư</subfield>
  </datafield>
  <datafield tag="942" ind1=" " ind2=" ">
   <subfield code="2">ddc</subfield>
   <subfield code="c">BK</subfield>
  </datafield>
  <datafield tag="952" ind1=" " ind2=" ">
   <subfield code="0">0</subfield>
   <subfield code="1">0</subfield>
   <subfield code="2">ddc</subfield>
   <subfield code="4">0</subfield>
   <subfield code="6">005_800000000000000_KH107</subfield>
   <subfield code="7">0</subfield>
   <subfield code="9">19025</subfield>
   <subfield code="a">000001</subfield>
   <subfield code="b">000001</subfield>
   <subfield code="d">2020-03-10</subfield>
   <subfield code="o">005.8 Kh107</subfield>
   <subfield code="p">MD.01711</subfield>
   <subfield code="r">2020-03-10</subfield>
   <subfield code="v">18000.00</subfield>
   <subfield code="w">2020-03-10</subfield>
   <subfield code="y">BK</subfield>
  </datafield>
  <datafield tag="952" ind1=" " ind2=" ">
   <subfield code="0">0</subfield>
   <subfield code="1">0</subfield>
   <subfield code="2">ddc</subfield>
   <subfield code="4">0</subfield>
   <subfield code="6">005_800000000000000_KH107</subfield>
   <subfield code="7">0</subfield>
   <subfield code="9">19026</subfield>
   <subfield code="a">000001</subfield>
   <subfield code="b">000001</subfield>
   <subfield code="d">2020-03-10</subfield>
   <subfield code="o">005.8 Kh107</subfield>
   <subfield code="p">MD.01612</subfield>
   <subfield code="r">2020-03-10</subfield>
   <subfield code="v">18000.00</subfield>
   <subfield code="w">2020-03-10</subfield>
   <subfield code="y">BK</subfield>
  </datafield>
  <datafield tag="952" ind1=" " ind2=" ">
   <subfield code="0">0</subfield>
   <subfield code="1">0</subfield>
   <subfield code="2">ddc</subfield>
   <subfield code="4">0</subfield>
   <subfield code="6">005_800000000000000_KH107</subfield>
   <subfield code="7">0</subfield>
   <subfield code="9">19027</subfield>
   <subfield code="a">000001</subfield>
   <subfield code="b">000001</subfield>
   <subfield code="d">2020-03-10</subfield>
   <subfield code="o">005.8 Kh107</subfield>
   <subfield code="p">MD.01615</subfield>
   <subfield code="r">2020-03-10</subfield>
   <subfield code="w">2020-03-10</subfield>
   <subfield code="y">BK</subfield>
  </datafield>
  <datafield tag="952" ind1=" " ind2=" ">
   <subfield code="0">0</subfield>
   <subfield code="1">0</subfield>
   <subfield code="2">ddc</subfield>
   <subfield code="4">0</subfield>
   <subfield code="6">005_800000000000000_KH107</subfield>
   <subfield code="7">0</subfield>
   <subfield code="9">19028</subfield>
   <subfield code="a">000001</subfield>
   <subfield code="b">000001</subfield>
   <subfield code="d">2020-03-10</subfield>
   <subfield code="o">005.8 Kh107</subfield>
   <subfield code="p">MD.01616</subfield>
   <subfield code="r">2020-03-10</subfield>
   <subfield code="w">2020-03-10</subfield>
   <subfield code="y">BK</subfield>
  </datafield>
  <datafield tag="952" ind1=" " ind2=" ">
   <subfield code="0">0</subfield>
   <subfield code="1">0</subfield>
   <subfield code="2">ddc</subfield>
   <subfield code="4">0</subfield>
   <subfield code="6">005_800000000000000_KH107</subfield>
   <subfield code="7">0</subfield>
   <subfield code="9">19029</subfield>
   <subfield code="a">000001</subfield>
   <subfield code="b">000001</subfield>
   <subfield code="d">2020-03-10</subfield>
   <subfield code="o">005.8 Kh107</subfield>
   <subfield code="p">MD.01617</subfield>
   <subfield code="r">2020-03-10</subfield>
   <subfield code="w">2020-03-10</subfield>
   <subfield code="y">BK</subfield>
  </datafield>
  <datafield tag="952" ind1=" " ind2=" ">
   <subfield code="0">0</subfield>
   <subfield code="1">0</subfield>
   <subfield code="2">ddc</subfield>
   <subfield code="4">0</subfield>
   <subfield code="6">005_800000000000000_KH107</subfield>
   <subfield code="7">0</subfield>
   <subfield code="9">19030</subfield>
   <subfield code="a">000001</subfield>
   <subfield code="b">000001</subfield>
   <subfield code="d">2020-03-10</subfield>
   <subfield code="o">005.8 Kh107</subfield>
   <subfield code="p">MD.01618</subfield>
   <subfield code="r">2020-03-10</subfield>
   <subfield code="w">2020-03-10</subfield>
   <subfield code="y">BK</subfield>
  </datafield>
  <datafield tag="952" ind1=" " ind2=" ">
   <subfield code="0">0</subfield>
   <subfield code="1">0</subfield>
   <subfield code="2">ddc</subfield>
   <subfield code="4">0</subfield>
   <subfield code="6">005_800000000000000_KH107</subfield>
   <subfield code="7">0</subfield>
   <subfield code="9">19031</subfield>
   <subfield code="a">000001</subfield>
   <subfield code="b">000001</subfield>
   <subfield code="d">2020-03-10</subfield>
   <subfield code="o">005.8 Kh107</subfield>
   <subfield code="p">MD.01619</subfield>
   <subfield code="r">2020-03-10</subfield>
   <subfield code="w">2020-03-10</subfield>
   <subfield code="y">BK</subfield>
  </datafield>
  <datafield tag="952" ind1=" " ind2=" ">
   <subfield code="0">0</subfield>
   <subfield code="1">0</subfield>
   <subfield code="2">ddc</subfield>
   <subfield code="4">0</subfield>
   <subfield code="6">005_800000000000000_KH107</subfield>
   <subfield code="7">0</subfield>
   <subfield code="9">19032</subfield>
   <subfield code="a">000001</subfield>
   <subfield code="b">000001</subfield>
   <subfield code="d">2020-03-10</subfield>
   <subfield code="o">005.8 Kh107</subfield>
   <subfield code="p">MD.01620</subfield>
   <subfield code="r">2020-03-10</subfield>
   <subfield code="w">2020-03-10</subfield>
   <subfield code="y">BK</subfield>
  </datafield>
  <datafield tag="980" ind1=" " ind2=" ">
   <subfield code="a">Thư viện Trường Đại học Nam Cần Thơ</subfield>
  </datafield>
 </record>
</collection>
